000 00549nam a2200157 a 4500
005 20150929020002.0
008 150108b xxu||||| |||| 00| 0 spa d
040 _aCO-BoIAVH
_cCO-BoIAVH
041 _aspa
090 _aIAVH
_b01320
100 _aSastre Corredor, Carolina
_931147
245 _aSeguimiento a las aves rapaces ingresadas al Centro de recepción y Rehabilitación de la Fauna Silvestre de la Secretaría Distrital de Ambiente
_bQuinto informe - final
260 _aBogotá
_bIAVH
_bSDA
_c2009
300 _a489 p.
942 _cINFORME
_2z
_01
999 _c6852
_d6852